000 nam a22 a 4500
999 _c125582
_d125582
003 BLK
005 20221108133222.0
008 180409b bul|||||r ||||||| ||bul||
010 _aKNG00131254000
040 _aBLK
041 _aBUL
_cBUL
080 _aВоенна история - Военни походи, битки, героични подвизи. Вж и 93/99
_b355.48
_x(73)
_z355.48(73)
080 _aМеждународни политически отношения. Световна политика. Международна политика. Дипломация
_b327
_x(73)
_z327(73)
100 1 _aБелашченко, Том Кирилович
_eпърви автор
_937668
139 _aБелашченко, Том Кирилович
_bБ 33
245 1 0 _aСАЩ : 200 години - 200 войни
_bИзследване
_cТом Кирилович Белашченко; прев. от рус. Георги Пенчев.
257 _aUSA
260 _bВоен. изд.
_c1976
_aСофия
300 _a231 с.
_c20 см
380 _a3
490 _aКонтрасти
_9205164
500 _aОриг. загл. СЩА : 200 лет - 200 войн. - 6 725 тир.
650 4 _aВоенна история - САЩ
_9301883
650 4 _aВъоръжени сили - САЩ
_9295382
650 4 _aМилитаризъм - САЩ
_9315030
651 4 _aСАЩ
_9179493
653 _aвъоръжени сили
653 _aмилитаризъм
653 _aвойни
700 1 _aПенчев, Георги
_eпрев. от рус.
_9366691
852 _aЦб 90863
_bЦб
856 4 _qpdf
_i0.00
_ldisable
856 4 _qpdf
_i0.00
_ldisable
942 _cKNG
_n0
_s1
944 _aCR
_c12.06.2012
_l12.06.2012 - от С1,Р / 12.06.2012
_kНаталия_Медовщикова
944 _aED
_c12.06.2012
_l12.06.2012 - от С1,Р / 12.06.2012
944 _aED
_c2022-11-08
_l2022-11-08
999 _d125582